000 00800nac a22002777a 4500
001 BR6000715
003 BR-BrBNA
005 20240701161224.0
008 230509b bl.|||m| |||| 00| 0 por d
040 _aBR-BrBNA
_bpor
072 _aC00
090 _aC00
_bBR6000715
110 1 _aUniversidade Federal de Viçosa
_911000
245 1 _aRelatório anual do Instituto de Fitotecnia 1969 /
260 3 _aVicosa, MG (Brasil):
_c1969.
300 _a86 p.
490 _aRelatorio - Universidade Federal de Vicosa. Inst. de Fitotecnia (Brazil)
650 _aENSINO SUPERIOR
650 _aCURSO
650 _aPESQUISA
650 _aUNIVERSIDADE FEDERAL
650 _aVICOSA
650 _aMINAS GERAIS
909 _a07/2024
_bSARAH
942 _cMS
999 _c261189
_d261189